000 00740nam a2200217Ia 4500
003 IN-BaIIA
008 211028s9999 xx 000 0 eng d
040 _cIIA Library
080 _a517.91
_bBER
100 _aBergman, Stefan
_95113
245 0 _aKernel functions and elliptic differential equations in mathematical physics
_cStefan Bergman and M. Schiffer
260 _aNew York
_bAcademic Press
_c1953
300 _axiii, 432p.
490 _aPure and applied mathematics; v. 4
650 _aElliptic differential equations
_95114
650 _aKernel functions
_95115
650 _aNASA Thesaurus
650 _aPartial differential equations
700 _aSchiffer, M.
_95116
942 _cBK
999 _c2866
_d2866